| 000 | 00799nam a22002057a 4500 | ||
|---|---|---|---|
| 005 | 20250102122812.0 | ||
| 010 | _aENG-142710 | ||
| 020 |
_c299.00 _a9789361592386 |
||
| 035 | _aEN-126242 | ||
| 037 | _bDBAD | ||
| 082 | _a000 | ||
| 100 |
_aThorpe, Edgar _975696 |
||
| 245 |
_aConcise General Knowledge Manual/ _cBy Edgar Thorpe [and] Showick Thorpe |
||
| 260 |
_aUttar Pradesh _bPearson India Education Pvt Ltd _c2025 |
||
| 270 |
_bUttar Pradesh _a1st FLoor, Berger Tower, Plot No. C-001A/2, Sector-16B, Noida _e201301 |
||
| 300 |
_avpp. _c21cm(pb) _bIndex |
||
| 500 | _a Comprehensive Coverage for various examinations like CUET, CLAT, SSC | Current U... 2025 - Concise General Knowledge Manual | ||
| 700 |
_aThorpe, Showick _eAuthor _974302 |
||
| 942 |
_2ddc _cEN _h000 _mTHO _e1 |
||
| 999 |
_c207177 _d207177 |
||